Govt. of
Madhya Pradesh

AIEEE Mathematics (Record no. 45661)

MARC details
000 -LEADER
fixed length control field 003050000a22001450004500
003 - CONTROL NUMBER IDENTIFIER
control field MACL
040 ## - CATALOGING SOURCE
Original cataloging agency MACL
090 ## - LOCALLY ASSIGNED LC-TYPE CALL NUMBER (OCLC); LOCAL CALL NUMBER (RLIN)
-- 46139
-- 46137
100 ## - MAIN ENTRY--PERSONAL NAME
Personal name Agarwal, Prafull K
245 ## - TITLE STATEMENT
Title AIEEE Mathematics
260 ## - PUBLICATION, DISTRIBUTION, ETC. (IMPRINT)
Name of publisher, distributor, etc. Arihant prakashan
Date of publication, distribution, etc. 2011
350 ## - PRICE (NR) (BK AM CF MU VM SE) [OBSOLETE]
Price 610
650 ## - SUBJECT ADDED ENTRY--TOPICAL TERM
Topical term or geographic name as entry element Mathematics
942 ## - ADDED ENTRY ELEMENTS (KOHA)
Koha item type Library Membar
Call number prefix 510
Holdings
Withdrawn status Lost status Damaged status Not for loan Home library Current library Date acquired Total Checkouts Full call number Barcode Date last seen Date last checked out Uniform Resource Identifier Price effective from Koha item type
        MACL MACL 15/04/2015 1 510 BOOK CLEC17853 03/05/2016 29/03/2016 46017 15/04/2015 Books